000 00847nam a22003017a 4500
001 000046884
003 CHAP
005 20220329140027.0
008 971013s1962 r 00010 d
010 _a45825
011 _a46797
035 _a50938
040 _cCHAP
090 _aFolleto 599
100 0 0 _aRennie, Peter J.
_995962
245 1 0 _aMethods of assessing forest site capacity.
260 _aWellington :
_bInternational Soil Conference,
_c1962.
300 _a18 p.
590 _aBATCH-UPD
_b10
_c20130110
_lUCH01
_h1743
590 _aCONVERSION
_b10
_c20130109
_lUCH01
_h1325
590 _aE5995AHE
_b05
_c20141113
_lUCH01
_h0905
650 1 4 _aBosques
_xInventarios.
_914240
650 1 4 _aSuelos forestales.
_9110548
901 _aBK
942 _cFOLL
942 _n0
949 _aFolleto 599
_bBC
_cFOLL
_d-114291
_eTS1
_i50938
_si
999 _c45825
_d45825